Modern electronics : A practical guide for scientists and engineers
This book is intended for use in a first course in electronics for advanced undergraduate students in science and engineering or for scientists whose prior formal training in electronics was minimal or lacking.
שמור ב:
| מחבר ראשי: | |
|---|---|
| פורמט: | ספר |
| שפה: | Undetermined |
| יצא לאור: |
Reading, Mass
Addison-Wesley Pub. Co.
1966
|
| נושאים: | |
| תגים: |
הוספת תג
אין תגיות, היה/י הראשונ/ה לתייג את הרשומה!
|
| Thư viện lưu trữ: | Trung tâm Học liệu Trường Đại học Cần Thơ |
|---|
| LEADER | 00797nam a2200205Ia 4500 | ||
|---|---|---|---|
| 001 | CTU_219383 | ||
| 008 | 210402s9999 xx 000 0 und d | ||
| 082 | |a 621.381 | ||
| 082 | |b W111 | ||
| 100 | |a Waard, Hendrik de | ||
| 245 | 0 | |a Modern electronics : | |
| 245 | 2 | |b A practical guide for scientists and engineers | |
| 245 | 0 | |c Hendrik de Waard, David Lazarus | |
| 260 | |a Reading, Mass | ||
| 260 | |b Addison-Wesley Pub. Co. | ||
| 260 | |c 1966 | ||
| 520 | |a This book is intended for use in a first course in electronics for advanced undergraduate students in science and engineering or for scientists whose prior formal training in electronics was minimal or lacking. | ||
| 650 | |a Electronics,Điện tử | ||
| 904 | |i Hải | ||
| 980 | |a Trung tâm Học liệu Trường Đại học Cần Thơ | ||